00241nam a2200097Ia 4500008004100000100002800041245002800069260002200097942000700119999001700126190216s9999||||xx |||||||||||||| ||und|| aKrishnan & Ashokan 0aIndia Sothum Nikuthiyum bKerala Basha Inst cBK c34802d34802